| 000 | 00367nam a22001697a 4500 | ||
|---|---|---|---|
| 005 | 20160627104633.0 | ||
| 008 | 160627b xxu||||| |||| 00| 0 eng d | ||
| 020 | _a978-0-099-513-89-6 | ||
| 041 | _aeng | ||
| 082 | _b10406 | ||
| 100 |
_aWodhouse. P.G. _92869 |
||
| 245 | _aUkridge | ||
| 260 | _bRupa | ||
| 300 | _a270 | ||
| 650 |
_aManagement _9241 |
||
| 942 | _cBK | ||
| 999 |
_c4153 _d4152 |
||